书目信息 |
| 题名: |
简简单单学花艺
|
|
| 作者: | 日本One Coin Flower俱乐部 , 藤冈信代 , 森信千夏 著 ;陈源 , 长冈伸行 译 | |
| 分册: | ||
| 出版信息: | 郑州 中原农民出版社 2018 |
|
| 页数: | 94页 | |
| 开本: | 26cm | |
| 丛书名: | ||
| 单 册: | ||
| 中图分类: | J525.12 | |
| 科图分类: | ||
| 主题词: | 花卉装饰--hua hui zhuang shi | |
| 电子资源: | ||
| ISBN: | 978-7-5542-1773-3 | |
| 000 | 01288nam0 2200301 450 | |
| 001 | 012001010991 | |
| 005 | 20140104160452.0 | |
| 010 | @a978-7-5542-1773-3@dCNY42.00 | |
| 099 | @aCAL 012018094820 | |
| 100 | @a20180505d2018 em y0chiy50 ea | |
| 101 | 1 | @achi@cjpn |
| 102 | @aCN@b410000 | |
| 105 | @aa z 000yy | |
| 106 | @ar | |
| 200 | 1 | @a简简单单学花艺@Ajian jian dan dan xue hua yi@f日本One Coin Flower俱乐部, 藤冈信代著@g陈源译 |
| 210 | @a郑州@c中原农民出版社@d2018 | |
| 215 | @a94页@c彩图@d26cm | |
| 314 | @a版权页题: 森信千夏主编 长冈伸行插图 | |
| 330 | @a本书作者用丰富的图片和详实的语言向读者介绍了用30元钱买到的鲜花创作出时尚漂亮的插花作品的方法, 以及使它们长久保持的诀窍, 并为读者总结出了即使是初次接触插花也能学会简单的插花技法。除此之外, 作者还将自己在实际操作中遇到的问题以问答的形式呈现在书中, 帮助读者答疑解惑, 是一本非常实用且操作简单的花艺初级入门书。 | |
| 606 | 0 | @a花卉装饰@Ahua hui zhuang shi |
| 690 | @aJ525.12@v5 | |
| 701 | 0 | @a日本One Coin Flower俱乐部@Ari ben One Coin Flower ju le bu@4著 |
| 701 | 0 | @a藤冈信代@Ateng gang xin dai@4著 |
| 701 | 0 | @a森信千夏@Asen xin qian xia@4主编 |
| 702 | 0 | @a陈源@Achen yuan@4译 |
| 702 | 0 | @a长冈伸行@Achang gang shen xing@4插图 |
| 801 | 2 | @aCN@b上海新华@c20191020 |
| 905 | @b1137540-3@dJ525.12@e517@f4 | |
| 简简单单学花艺/日本One Coin Flower俱乐部, 藤冈信代著/陈源译.-郑州:中原农民出版社,2018 |
| 94页:彩图;26cm |
| ISBN 978-7-5542-1773-3:CNY42.00 |
| 本书作者用丰富的图片和详实的语言向读者介绍了用30元钱买到的鲜花创作出时尚漂亮的插花作品的方法, 以及使它们长久保持的诀窍, 并为读者总结出了即使是初次接触插花也能学会简单的插花技法。除此之外, 作者还将自己在实际操作中遇到的问题以问答的形式呈现在书中, 帮助读者答疑解惑, 是一本非常实用且操作简单的花艺初级入门书。 |
| ● |
| 相关链接 |
|
|
|
|
正题名:简简单单学花艺
索取号:J525.12/517
 
预约/预借
| 序号 | 登录号 | 条形码 | 馆藏地/架位号 | 状态 | 备注 |
| 1 | 1137540 | 211375402 | 第一样本阅览室/ [索取号:J525.12/517] | 在馆 | |
| 2 | 1137541 | 211375411 | 第一借阅区/ [索取号:J525.12/517] | 在馆 | |
| 3 | 1137542 | 211375420 | 第一借阅区/ [索取号:J525.12/517] | 在馆 | |
| 4 | 1137543 | 211375439 | 第一借阅区/ [索取号:J525.12/517] | 在馆 |